名前に「月」がつく駅 - Statistics

General Stats
  • This quiz has been taken 97 times
  • The average score is 10 of 27
Answer Stats
Hint Answer % Correct
中央本線富士急行線 大月
96%
東京メトロ有楽町線都営大江戸線 月島
84%
北陸新幹線 黒部宇奈月温泉
79%
黒部峡谷鉄道線 宇奈月
68%
富山地方鉄道本線 宇奈月温泉
56%
関西本線 月ケ瀬口
45%
富士急行線 上大月
44%
小田急多摩線 五月台
43%
北陸本線 高月
40%
姫新線 上月
40%
姫新線 三日月
36%
京急本線 花月総持寺
35%
京阪宇治線 観月橋
33%
山陽電鉄本線 月見山
31%
羽越本線 月岡
29%
山陽本線 小月
29%
富山地方鉄道上滝線 月岡
29%
姫新線 月田
28%
指宿枕崎線 二月田
25%
富士急行線 月江寺
25%
札幌市営地下鉄東豊線 月寒中央
21%
大船渡線 新月
19%
小湊鐵道線 月崎
18%
飯田線 相月
13%
筑豊電気鉄道線 筑豊香月
13%
富山地方鉄道本線 早月加積
11%
陸羽東線 池月
9%
No matching quizzes found
Score Distribution
Percent of People with Each Score
Percentile by Number Answered
Your Score History
You have not taken this quiz